000 00249nam a22000857a 4500
008 160915b xxu||||| |||| 00| 0 eng d
100 _9542
_aAbdul Kalam A.P.J
245 _aMy life: An illustrated autobiography
260 _aNew Delhi
_bRupa publication
_c2015
999 _c3199
_d3199